|
|
|
|
| LEADER |
00000nab a2200000 i 4500 |
| 001 |
publ914 |
| 005 |
20171221113704.0 |
| 008 |
171221s2010 hu o 000 zxx d |
| 022 |
|
|
|a 1418-6241
|
| 040 |
|
|
|a BGE Publikációtár Repozitórium
|b hun
|
| 100 |
1 |
|
|a Neszmélyi György Iván
|
| 245 |
1 |
0 |
|a Egyiptom mezőgazdaságának sajátos vonásai
|c Neszmélyi György Iván
|h [elektronikus dokumentum]
|
| 260 |
|
|
|a Budapesti Gazdasági Egyetem
|c 2010
|
| 300 |
|
|
|a 87-93
|
| 490 |
0 |
|
|a EU Working Papers
|v 14. No. 2.
|
| 650 |
|
4 |
|a gazdálkodás- és szervezéstudományok
|
| 695 |
|
|
|a Mezőgazdaság
|
| 695 |
|
|
|a Egyiptom
|
| 856 |
4 |
0 |
|u https://publikaciotar.uni-bge.hu/id/eprint/914/1/2010_2_07.pdf
|z Dokumentum-elérés
|